|
|
|
|
| LEADER |
00000nam0a2200000 4500 |
| 001 |
56529 |
| 005 |
20231101211617.0 |
| 010 |
|
|
|a 571370100X
|
| 035 |
|
|
|a (RuTPU)RU\TPU\book\59378
|
| 090 |
|
|
|a 56529
|
| 100 |
|
|
|a 20031001d2003 m y0rusy50 ca
|
| 101 |
0 |
|
|a rus
|
| 102 |
|
|
|a RU
|
| 105 |
|
|
|a a z 000zd
|
| 200 |
1 |
|
|a АэроМастер * 5-6
|e Научно-популярный альманах о легкомоторной авиации, катерах и яхтах
|f Авиационная корпорация; Под ред. В. Г. Осташова
|
| 210 |
|
|
|a Новосибирск
|d 2003
|
| 215 |
|
|
|a 400 с.
|c ил.
|
| 600 |
|
1 |
|a Кондратюк
|b Ю. В.
|c специалист в области космонавтики и ракетной техники
|g Юрий Васильевич
|c настоящее имя Александр Игнатьевич Шаргей
|f 1897-1942
|2 stltpush
|3 (RuTPU)RU\TPU\pers\8881
|
| 606 |
|
|
|a Авиастроение
|2 stltpush
|3 (RuTPU)RU\TPU\subj\106
|9 29139
|
| 610 |
1 |
|
|a воздушный кодекс
|
| 610 |
1 |
|
|a легкомоторная авиация
|
| 610 |
1 |
|
|a катера
|
| 610 |
1 |
|
|a яхты
|
| 610 |
1 |
|
|a альманахи
|
| 675 |
|
|
|a 629.73.002
|v 3
|
| 702 |
|
1 |
|a Осташов
|b В. Г.
|4 340
|
| 712 |
0 |
2 |
|a Авиационная корпорация
|2 stltpush
|3 (RuTPU)RU\TPU\col\2441
|9 23681
|
| 801 |
|
1 |
|a RU
|b 63413507
|c 20031001
|g PSBO
|
| 801 |
|
2 |
|a RU
|b 63413507
|c 20180306
|g PSBO
|
| 942 |
|
|
|c BK
|